All WWE Smackdown Womens Champions - Statistics

General Stats
  • This quiz has been taken 1,122 times
    813 since last reset
  • The average score is 18 of 21
Answer Stats
Hint Answer % Correct
WWE Backlash 2016 Becky Lynch
99%
WWE Hell In A Cell 2018 Becky Lynch
99%
WWE WrestleMania 35 Becky Lynch
99%
WWE Summerslam 2021 Becky Lynch
99%
WWE Smackdown Live Charlotte
98%
WWE Summerslam 2018 Charlotte
98%
WWE Smackdown Live Charlotte
98%
WWE Hell In A Cell 2020 Sasha Banks
95%
WWE TLC 2016 Alexa Bliss
93%
WWE Smackdown Live Alexa Bliss
93%
WWE Money In The Bank 2019 Bayley
92%
WWE Smackdown Bayley
92%
WWE WrestleMania 37 Night 1 Bianca Belair
87%
WWE Elimination Chamber 2017 Naomi
86%
WWE WrestleMania 33 Naomi
86%
WWE Smackdown Live Carmella
84%
WWE TLC 2018 Asuka
83%
WWE Summerslam 2017 Natalya
75%
WWE Smackdown Charlotte Flair
67%
WWE Money In The Bank 2019 Charlotte
52%
WWE Hell In A Cell 2019 Charlotte
52%
No matching quizzes found
Score Distribution
Percent of People with Each Score
Percentile by Number Answered
Your Score History
You have not taken this quiz since the last reset